<The> survey of migration in Bangkok metropolis, Nonthaburi, Pathum Thanis and Samut Prakan 1983

Salvato in:
Dettagli Bibliografici
Natura: Libro
Lingua:inglese
Pubblicazione: Bangkok National Statistical Office 1983
Tags: Aggiungi Tag
Nessun Tag, puoi essere il primo ad aggiungerne!!

MARC

LEADER 00000nam a2200000 4500
001 c107999
005 20041019155140.4
041 0 |a eng 
044 |a TH 
245 1 0 |a <The> survey of migration in Bangkok metropolis, Nonthaburi, Pathum Thanis and Samut Prakan 1983 
264 1 |a Bangkok  |b National Statistical Office  |c 1983 
300 |a 99 s.